000 00254nam a2200097Ia 4500
001 645887
005 20250826153632.0
008 250824s9999 xx 000 0 und d
245 0 _aBİŞEY SÖYLİCEM AMA GÜLMEK YOK
_cÇİĞDEM CAN
260 _bGENÇ TİMAŞ
999 _c645887
_d645887